[Event "CZE-ch"]
[Site "Luhacovice"]
[Date "1993.??.??"]
[Round "5"]
[White "Hajek, Michal"]
[Black "Gibiec, Ernest"]
[Result "1-0"]
[WhiteElo "2285"]
[BlackElo "2255"]
[PlyCount "49"]
[EventDate "1993.??.??"]
[EventType "swiss"]
[EventRounds "11"]
[EventCountry "CZE"]
[SourceTitle "TD"]
[Source "ChessBase"]
[SourceDate "1994.03.01"]
[SourceVersion "1"]
[SourceVersionDate "1994.03.01"]
[SourceQuality "1"]

1. d4 d5 2. c4 c6 3. Nf3 Nf6 4. Nc3 dxc4 5. a4 Bf5 6. Ne5 Na6 7. e3 Nb4 8. Bxc4 e6 9. 0-0 Be7 10. g4 Bg6 11. f4 Bc2 12. Qe2 Bg6 13. h4 Ne4 14. Nxg6 Ng3 15. Qg2 hxg6 16. Qxg3 Rxh4 17. Kg2 g5 18. fxg5 Bxg5 19. Ne4 Be7 20. Bd2 Nd5 21. Rh1 f5 22. Nd6+ Qxd6 23. Rxh4 Qxg3+ 24. Kxg3 Bxh4+ 25. Kxh4 1-0

[Event "CZE-ch"]
[Site "Luhacovice"]
[Date "1993.??.??"]
[Round "10"]
[White "Jandourek, Lukas"]
[Black "Hajek, Michal"]
[Result "1/2-1/2"]
[WhiteElo "2270"]
[BlackElo "2285"]
[PlyCount "89"]
[EventDate "1993.??.??"]
[EventType "swiss"]
[EventRounds "11"]
[EventCountry "CZE"]
[SourceTitle "TD"]
[Source "ChessBase"]
[SourceDate "1994.03.01"]
[SourceVersion "1"]
[SourceVersionDate "1994.03.01"]
[SourceQuality "1"]

1. b3 e6 2. Bb2 d5 3. e3 Nf6 4. Be2 b6 5. f4 Bb7 6. Nf3 Nbd7 7. 0-0 h5 8. Ne5 Bd6 9. a4 a5 10. Bb5 Qe7 11. Qf3 0-0-0 12. Nc6 Bxc6 13. Bxc6 Nb8 14. Bb5 c6 15. Be2 e5 16. fxe5 Bxe5 17. Bxe5 Qxe5 18. Nc3 Nbd7 19. Rae1 Rh6 20. Qf4 Re8 21. Qxe5 Rxe5 22. d3 Re7 23. Bf3 g5 24. g3 g4 25. Bg2 Ne8 26. e4 Rhe6 27. Kf2 Rf6+ 28. Kg1 Rxf1+ 29. Rxf1 dxe4 30. Nxe4 Kc7 31. Rf2 f6 32. Kf1 Rf7 33. Ng5 Re7 34. Ne4 Rf7 35. Ke2 f5 36. Nc3 Re7+ 37. Kd2 Nd6 38. Re2 Rf7 39. Ke3 h4 40. Kf4 hxg3 41. hxg3 Nf6 42. Kg5 Nh7+ 43. Kf4 Nf6 44. Kg5 Nh7+ 45. Kf4 1/2-1/2